| 000 | 00384nam a22001457a 4500 | ||
|---|---|---|---|
| 020 | _a978-93-5025-631-2 | ||
| 082 | _a617.645,U12G | ||
| 100 | _aGUPTA,PRIYA VERMA | ||
| 245 | _aUNDERSTANDING AND MANAGEMENT OF SPECIAL CHILD IN PEDIATRIC DENTISTRY | ||
| 250 | _a1ST | ||
| 260 |
_aNEW DELHI _bJAYPEE BROTHERS _c2012 |
||
| 300 | _a490 | ||
| 650 | _aPEDIATRIC DENTISTRY | ||
| 942 |
_2ddc _cBK |
||
| 999 |
_c9845 _d9845 |
||